Tin học ứng dụng trong ngành Nông nghiệp

Sách giới thiệu phương pháp xử lý số liệu trong thống kê sinh học và nông nghiệp, một số mô hình và phần mềm tối ưu ứng dụng trong nông nghiệp. Sách cũng trình bày về hệ thống thông tin địa lí và ứng dụng trong đánh giá tài nguyên đất...

Full description

Saved in:
Bibliographic Details
Main Author: Nguyễn, Hải Thanh
Format: Book
Language:Undetermined
Published: Hà Nội Khoa học và Kỹ thuật 2005
Subjects:
Tags: Add Tag
No Tags, Be the first to tag this record!
Institutions: Trung tâm Học liệu Trường Đại học Cần Thơ
LEADER 01237nam a2200217Ia 4500
001 CTU_88126
008 210402s9999 xx 000 0 und d
020 |c 68000 
082 |a 630.20285 
082 |b Th107 
100 |a Nguyễn, Hải Thanh 
245 0 |a Tin học ứng dụng trong ngành Nông nghiệp 
245 0 |c Nguyễn Hải Thanh 
260 |a Hà Nội 
260 |b Khoa học và Kỹ thuật 
260 |c 2005 
520 |a Sách giới thiệu phương pháp xử lý số liệu trong thống kê sinh học và nông nghiệp, một số mô hình và phần mềm tối ưu ứng dụng trong nông nghiệp. Sách cũng trình bày về hệ thống thông tin địa lí và ứng dụng trong đánh giá tài nguyên đất nông nghiệp, ứng dụng tin học trong tự động hoá một quá trình sản xuất nông nghiệp, tin sinh học cải thiện di truyền nông nghiệp, Internet và các dịch vụ thông tin nông nghiệp 
650 |a Agriculture 
650 |x Data processing 
904 |i Tuyến, H.Mai 
980 |a Trung tâm Học liệu Trường Đại học Cần Thơ